000 00357nam a2200145Ia 4500
008 150201s1998 xx 000 0 und d
082 _a616.01
_bP1998G
100 _aGUPTE,SATISH
245 _aPRACTICAL MICROBIOLOGY
250 _a2ND
260 _bJAYPEE MEDICAL PUBLISHER
_aDELHI
_c1998
300 _a1-194
650 _aMICROBIOLOGY
942 _2ddc
_cBK
_02
999 _c3446
_d3446